Always a sister : the feminism of Lillian D. Wald
Kaydedildi:
| Yazar: | |
|---|---|
| Materyal Türü: | Kitap |
| Baskı/Yayın Bilgisi: |
Feminist Press
1989
|
| Etiketler: |
Etiketle
Etiket eklenmemiş, İlk siz ekleyin!
|
| Thư viện lưu trữ: | Mạng thư viện Đại học Đà Nẵng |
|---|
| LEADER | 00575nam a2200229 a 4500 | ||
|---|---|---|---|
| 001 | 000029024 | ||
| 003 | 17542 | ||
| 005 | 20171030145630.0 | ||
| 008 | 171030s1989 | ||
| 040 | |a LTT | ||
| 082 | 0 | |a 305.42 |b DA-D | |
| 100 | 1 | |a Daniels, Doris, 1931 | |
| 245 | 0 | 0 | |a Always a sister : the feminism of Lillian D. Wald |c Doris Groshen Daniels. |
| 260 | |b Feminist Press |c 1989 | ||
| 500 | |a ASIA | ||
| OWN | |a LTT | ||
| 999 | |a From the UDN01 | ||
| TYP | |a Monograph | ||
| TYP | |a Printed language | ||
| 980 | |a Mạng thư viện Đại học Đà Nẵng | ||